00399nam a22001337a 4500003000400000008004100004082001700045100002000062245010700082260003600189300000800225502001500233650001700248OSt260423b |||||||| |||| 00| 0 eng d a635.64bS48S aSingh, Ram Anuj aStudies on Physico-Chemical Characteristics of Some Varieties of Tomato (lycopersicum esculentum Mill) aPusa, BiharbHorticulturec1977 a71P bMsc.d1977 aHorticulture